<?xml version="1.0" encoding="UTF-8"?>
<collection xmlns="http://www.loc.gov/MARC21/slim">
 <record>
  <leader>00283pamaa2200109   4500</leader>
  <controlfield tag="001">0000036722</controlfield>
  <controlfield tag="005">20040308090000.0</controlfield>
  <datafield tag="245" ind1="0" ind2="0">
   <subfield code="a">Current Law Journal : </subfield>
   <subfield code="b">May-August, 6, 2003.</subfield>
  </datafield>
  <datafield tag="260" ind1="0" ind2="0">
   <subfield code="a">Selangor: </subfield>
   <subfield code="b">Malaysian Law Sdn. Bhd., </subfield>
   <subfield code="c">2003.</subfield>
  </datafield>
  <datafield tag="300" ind1=" " ind2=" ">
   <subfield code="a">25cm.</subfield>
  </datafield>
  <datafield tag="440" ind1="0" ind2="0">
   <subfield code="a">Supplementry Series</subfield>
  </datafield>
  <datafield tag="650" ind1="0" ind2="0">
   <subfield code="a">Journal </subfield>
  </datafield>
 </record>
</collection>
